[Event "Kiev Spring op"]
[Site "Kiev"]
[Date "2023.03.30"]
[Round "8"]
[White "Araslanov, Oleg"]
[Black "Kovalenko, Serhii"]
[Result "0-1"]
[WhiteElo "1478"]
[BlackElo "1827"]
[PlyCount "104"]
[EventDate "2023.03.25"]
[EventType "swiss"]
[EventRounds "9"]
[EventCountry "UKR"]
[SourceTitle "EXT 2024"]
[Source "ChessBase"]
[SourceDate "2023.10.10"]
[SourceVersion "1"]
[SourceVersionDate "2023.10.10"]
[SourceQuality "1"]

1. e4 c6 2. d4 d5 3. Nc3 dxe4 4. Nxe4 Nf6 5. Nxf6+ exf6 6. Nf3 Bd6 7. Be2 Bg4 8. 0-0 0-0 9. h3 Bh5 10. Be3 Na6 11. Bxa6 bxa6 12. g4 Bg6 13. Nh4 Be4 14. f3 f5 15. fxe4 Qxh4 16. Qf3 fxe4 17. Qg2 Rab8 18. Rf5 Rxb2 19. Bg5 Qg3 20. Qxg3 Bxg3 21. Rc5 Rc8 22. Be3 Bd6 23. Rc4 Rb4 24. Rxb4 Bxb4 25. Rb1 a5 26. c4 Kf8 27. c5 Rd8 28. Rb3 Be1 29. Kf1 Bh4 30. Rb7 Bf6 31. Rxa7 Bxd4 32. Ke2 g6 33. Rxa5 f5 34. gxf5 gxf5 35. Bxd4 Rxd4 36. Ra6 Ke7 37. Rxc6 Ra4 38. Rc7+ Kf6 39. Rxh7 Rxa2+ 40. Ke3 Ra3+ 41. Ke2 Rc3 42. c6 Ke5 43. c7 f4 44. Kd2 Rc6 45. Rh8 Rxc7 46. Re8+ Kd5 47. Rf8 f3 48. Ke3 Rc3+ 49. Kd2 Rd3+ 50. Ke1 Kd4 51. h4 Ke3 52. h5 Ra3 0-1